00732 2200253 4500001002100000005001500021035002000036007000300056008004100059020002200100082001200122084001800134100002000152245012600172250001000298260003900308300002900347700003600376600002200412990001100434990001100445990001100456990001100467INLIS00000000000346120191014115126 a0010-0519000053ta191014 g 0 ind  a978-979-055-529-7 a297. 73 a297. 73 AL q0 aSRI, Al Hidayat1 aQur'anic Quetions & Answers : Mukjizat-Mukjizat dalam Alqur'an /cSri Al Hidayat; editor, Abdul Wahab, Safitri Lusiana D. acet.3 aBandung :bSygma Kaya Imaji,c2018 a28 hlm :bilus. ;c27 cm0 aAbdul Wahab, Safitri Luciana D. 4aISLAM. PENDIDIKAN a6548 a a6548 b a6931 a a6931 b